000 00527nam a22001697a 4500
003 BD-DhUL
005 20190117112251.0
008 190117s1950 pk ||||| |||| 00| 0 urd d
040 _aBD-DhUL
_cBD-DhUL
082 _a891.43081
_bMOI
100 0 _aمومن خان دہلوی مومن
245 1 0 _aانتخاب مومن /
_cمومن خان دہلوی مومن
260 _aلاہور :
_bمعتبہ وقار عظیم،
_c۱۹۵۰۔
300 _aص۔ ۱۵۹ ؛
_c۱۸ سم۔
650 4 _aUrdu literature
942 _2ddc
_cBK
999 _c245822
_d245822